000 01191nam1a2200313 i 4500
001 RU\NLR\bibl\974274
005 20241115065754.0
035 _a(NLR Aleph) 000962206
090 _a346566
_c346566
100 _a20060810g20069999u y0rusy50 ca
101 0 _arus
102 _aRU
105 _a||||z |||||
200 1 _aПослания к галатам и римлянам
_eучебное пособие
210 _a[Б.м.
_cб.и.
_d2006]
_eОАО "Можайс. полигр. комб."
215 _d21
463 0 _1001969227
463 0 _1001971098
605 _aБиблия
_iНовый Завет
_iПослание к галатам
_xИсследование текста
_92088793
_3RU\NLR\auth\661264490
605 _aБиблия
_iНовый Завет
_iПослание к римлянам
_xИсследование текста
_92084308
_3RU\NLR\auth\661260391
606 _aЕвангелизация
_92082319
_3RU\NLR\auth\661258340
686 _aЭ37-220.913.2
801 0 _aRU
_bNLR
_c20060810
_grcr
801 1 _aRU
_bNLR
_c20060810
852 _aNLR
_j2006-3/19854
942 _cBOOK